| 000 | 00800nam a22001935i 4500 | ||
|---|---|---|---|
| 001 | 165525 | ||
| 003 | ES-MaACL | ||
| 005 | 20250911063600.0 | ||
| 008 | 050830s1885 sp | |||||||| ||spa d | ||
| 100 | 1 |
_aSoler y Pérez, Eduardo, _d1845-1907 _9140371 |
|
| 245 | 1 | 0 |
_aDiscurso leído en la apertura del curso de 1885 a 1886 en la Universidad de Valencia / _cpor Eduardo Soler y Pérez. |
| 260 |
_aValencia : _b[s.n.], _c1885 ( _fImp. de Nicasio Rius Monfort) |
||
| 300 |
_a40, [5] p. ; _c24 cm. |
||
| 594 | _aTít. del discurso: El Estado en sus relaciones con la Iglesia. | ||
| 650 | 7 |
_aIglesia y Estado- _zEspaña- _yS.XIX _2 _9149103 |
|
| 710 | 2 |
_aUniversidad de Valencia. _97314 |
|
| 852 |
_aES-MaACL _jT-437-F-18 _z- Enc. hol. _z- Enc. en un vol. facticio |
||
| 999 |
_c165525 _d165525 |
||